| 000 | 00903nam a22002297a 4500 | ||
|---|---|---|---|
| 999 |
_c17554 _d17554 |
||
| 003 | AR-CdUCM | ||
| 008 | 190509b ||||| |||| 00| 0 spa d | ||
| 040 |
_aMUNICIPALIDAD PROVINCIAL DEL CUSCO _cBIBLIOTECA MUNICIPAL DEL CUSCO |
||
| 082 |
_23ed. _a468.2 / _bA42 |
||
| 100 |
_aAlonso, Martín _924370 |
||
| 245 | _aRedacción, análisis y ortografía / | ||
| 260 |
_aMadrid : _bAguilar, _c1961. |
||
| 300 |
_a295 paginas ; _c18 cm. |
||
| 505 | _aContenido : La frase en la redacción -- La construcción de la frase -- Normas de redacción para la frase simple -- Normas de redacción para la frase compuesta -- Practicas de la frase en casos especiales... | ||
| 650 |
_aLa redaccion _937635 |
||
| 650 |
_aEstudio y enseñanza _92610 |
||
| 650 |
_aFrase simple _937636 |
||
| 650 |
_aLengua española _91124 |
||
| 650 |
_aLa ortografía _937637 |
||
| 942 |
_2ddc _cLIBROS |
||
| 945 |
_awnts _d2019-05-09 |
||